000 00666nam a2200193 i 4500
001 160933
003 ES-MaACL
005 20230906212146.0
008 041007s1872 gw |||| | eng d
040 _aCAM
_bspa
_cCAM
100 1 _aOliphant, Margaret.
_9130611
245 1 0 _aOmbra /
_cby Mrs. Oliphant.
260 _aLeipzig :
_bBernhard Tauchnitz,
_c1872.
300 _a2 v. (320 ; 319 p.) ;
_c16 cm.
490 1 _aCollection of british authors ;
_v1227 ; 1228
830 0 _aCollection of british authors ;
_v1227 ; 1228
_9180703
852 _aES-MaACL
_jG-12666
_z-- Enc. hol., conservando las cubs. originales
_z-- Enc. 2 t. en 1 v.
999 _c160933
_d160933